000 00709cam a22002291 4500
001 sa 68000322
003 DLC
005 20260227112422.0
008 890602s1967 ii a 000 0 tamo
010 _asa 68000322
035 _a(OCoLC)19807926
040 _aDLC
_cWaU
_dDLC
042 _apremarc
050 0 0 _aPL4758.6.A2
_bN35
130 0 _aNālāyirat tivviyap pirapantam.
245 1 0 _aMāyarvar̲a matinalamaruḷapper̲r̲a Āl̲vārkaḷ aruḷicceyata Nālāyirattivviyappirapantam.
260 _c1967.
300 _a154, 188, 320, 16, 96 p.
_billus.
_c23 cm.
500 _aIn Tamil.
650 0 _aVishnu (Hindu deity)
700 1 _aAnnangaracharya, Prativadi Bhayankara,
_cSwami,
_d1891-1983.
999 _c77124
_d77124